Tesoros de Cornelio A Lapide extracto de los comentarios de este célebre autor sobre la Sagrada Escritura, por el Abate Barbier

Guardat en:
Dades bibliogràfiques
Format: Llibre
Idioma:espanyol
Publicat: Madrid Miguel Olamendi 1882
Edició:2a. ed
Matèries:
Etiquetes: Afegir etiqueta
Sense etiquetes, Sigues el primer a etiquetar aquest registre!

MARC

LEADER 00000cam a2200000 a 4500
001 UCD2813
003 CL-VaPUC
008 160512e18820000sp |||||||||||||||||spa|d
082 0 4 |a 248.34  |b TES  |2 21 
245 1 0 |a Tesoros de Cornelio A Lapide extracto de los comentarios de este célebre autor sobre la Sagrada Escritura, por el Abate Barbier 
250 |a 2a. ed 
300 |a t 
942 |c BK 
945 |d 20160512 21:36:00  |a dcastane 
260 |a Madrid  |b Miguel Olamendi  |c 1882 
500 |a t.1: A-DIS 
500 |a t.2: D-IN 
500 |a t.3: J-PA 
650 0 |a Espiritualidad   |9 267331 
650 0 |a Vida religiosa  |9 257284 
650 0 |a Biblia  |9 257603 
650 0 |a Textos sagrados   |9 257605 
583 |a last modification  |c 20160512 21:36:00  |k Rodrigo Vera 
999 |c 363924  |d 363922 
952 |0 0  |1 0  |3 erd  |4 0  |6 248_340000000000000_TES_1882  |7 0  |8 X  |9 476765  |a BIBTEO  |b BIBTEO  |c TEO_FFR  |h t.1  |i 5231167  |o 248.34 TES 1882  |p 5231167  |r 2024-01-18  |w 2019-11-24  |y BK_X  |z Catalogado en:20160512  |k OFM 
952 |0 0  |1 0  |3 erd  |4 0  |6 248_340000000000000_TES_1882  |7 0  |8 X  |9 476766  |a BIBTEO  |b BIBTEO  |c TEO_FFR  |h t.2  |i 5231175  |o 248.34 TES 1882  |p 5231175  |r 2024-01-18  |w 2019-11-24  |y BK_X  |z Catalogado en:20160512  |k OFM 
952 |0 0  |1 0  |3 erd  |4 0  |6 248_340000000000000_TES_1882  |7 0  |8 X  |9 476767  |a BIBTEO  |b BIBTEO  |c TEO_FFR  |h t.3  |i 5231183  |o 248.34 TES 1882  |p 5231183  |r 2024-01-18  |w 2019-11-24  |y BK_X  |z Catalogado en:20160512  |k OFM